| 000 | 00751nam a22001577a 4500 | ||
|---|---|---|---|
| 003 | OSt | ||
| 005 | 20190311153613.0 | ||
| 008 | 190311b xxu||||| |||| 00| 0 eng d | ||
| 040 | _cRUA | ||
| 082 | _aAGR CHE 2007 B1.222 Or.1 | ||
| 100 |
_913496 _aCHEA SOPHEAK,ជាសុភ័ក្រ្ត |
||
| 245 | _aeffect of organic pesticide on vegetabl of sampling farmer in svayreang agricultural department,ប្រសិទ្ធភាពថ្នាំផ្សំពីរិក្ខជាតិលើដំណាំបន្លែនែក្រុមគោលដៅរបស់មន្ទីកសិកម្មខេត្តស្វាយរៀង | ||
| 260 |
_aphnom phen _brua _c2007 |
||
| 300 |
_ax;45p; _bill; _c29cm; |
||
| 942 |
_2ddc _cAGR |
||
| 999 |
_c17834 _d17834 |
||